书目信息 |
| 题名: |
Protel DXP典型电路设计及实例分析
|
|
| 作者: | 朱凤芝 , 王凤桐 主编 | |
| 分册: | ||
| 出版信息: | 北京 化学工业出版社 2007.09 |
|
| 页数: | 183页 | |
| 开本: | 26cm | |
| 丛书名: | ||
| 单 册: | ||
| 中图分类: | TN410.2 | |
| 科图分类: | ||
| 主题词: | 印刷电路--yin shua dian lu--计算机辅助设计--应用软件--ProtelDXP | |
| 电子资源: | ||
| ISBN: | 978-7-122-00986-9 | |
| 000 | 01141nam0 2200253 450 | |
| 001 | 012008713787 | |
| 005 | 20080626110229.10 | |
| 010 | @a978-7-122-00986-9@dCNY25.00 | |
| 100 | @a20080626d2007 em y0chiy0120 ea | |
| 101 | 0 | @achi |
| 102 | @aCN@b110000 | |
| 105 | @aa a 000yy | |
| 106 | @ar | |
| 200 | 1 | @aProtel DXP典型电路设计及实例分析@AProtel DXP dian xing dian lu she ji ji shi li fen xi@f朱凤芝, 王凤桐主编@Fzhu feng zhi,wang feng tong zhu bian |
| 210 | @a北京@c化学工业出版社@d2007.09 | |
| 215 | @a183页@c图@d26cm | |
| 320 | @a有书目 (第183页) | |
| 330 | @a本书介绍了ProtelDXP的电路原理图和PCB设计的基本方法,介绍了原理图库、PCB封装库的创建、编辑方法,以及集成库的生成。书中以大量实例详细介绍了ProtelDXP在电路设计过程中各种不同功能的使用方法与技巧,便于读者尽快掌握ProtelDXP的使用方法,书中的大部分实例均为电子技术、单片机技术应用中经常使用的实例,具有实用价值。 | |
| 606 | 0 | @a印刷电路@Ayin shua dian lu@x计算机辅助设计@x应用软件@xProtelDXP |
| 690 | @aTN410.2@v4 | |
| 701 | 0 | @a朱凤芝@Azhu feng zhi@4主编 |
| 701 | 0 | @a王凤桐@Awang feng tong@4主编 |
| 801 | 0 | @aCN@bQSSK@c20080626 |
| 905 | @b729348-50@dTN410.2@eZ849@f3 | |
| Protel DXP典型电路设计及实例分析/朱凤芝, 王凤桐主编.-北京:化学工业出版社,2007.09 |
| 183页:图;26cm |
| ISBN 978-7-122-00986-9:CNY25.00 |
| 本书介绍了ProtelDXP的电路原理图和PCB设计的基本方法,介绍了原理图库、PCB封装库的创建、编辑方法,以及集成库的生成。书中以大量实例详细介绍了ProtelDXP在电路设计过程中各种不同功能的使用方法与技巧,便于读者尽快掌握ProtelDXP的使用方法,书中的大部分实例均为电子技术、单片机技术应用中经常使用的实例,具有实用价值。 |
| ● |
| 相关链接 |
|
|
|
正题名:Protel DXP典型电路设计及实例分析
索取号:TN410.2/Z849
 
预约/预借
| 序号 | 登录号 | 条形码 | 馆藏地/架位号 | 状态 | 备注 |
| 1 | 729348 | 207293481 | 自科库301/301自科库 27排4列1层/ [索取号:TN410.2/Z849] | 在馆 | |
| 2 | 729349 | 207293490 | 期刊室512/301自科库 20排3列4层/ [索取号:TN410.2/Z849] | 在馆 | |
| 3 | 729350 | 207293506 | 自科二线404/404自科库 18排3列3层/ [索取号:TN410.2/Z849] | 在馆 |